00267nam a2200097Ia 4500008004100000100002600041245003700067260003900104300000800143650001800151191201s2011 xx 000 0 und d aSISODIA, Abhimanyu  0aRavana Roar of the Demon King  bKALYANI NAVYUG MEDIA PVT LTDc2011 a100 aGeneral Books